000 00393nam a2200133Ia 4500
008 100328s9999 xx 000 0 und d
082 _b34236
100 _aरावजी आशू आणि काकडे दिनू
245 _aकाटशह
260 _bडॉल्फिन लायब्ररी
630 _aकाटशह
730 _aकाटशह
942 _cBOOK
999 _c524454
_d524451